000 01261nam a22002177a 4500
999 _c59539
_d59539
003 Ge_BSU
005 20230313094949.0
008 230313s2001 ge ||||| |||| 00| 0 geo d
020 _a9992881801
041 _ageo
080 _a342.722(479.22) ს-21
245 _aსამართლიანი სასამართლოს უფლება /
_c[სარედ. კოლ.: ირაკლი სესიაშვილი, მაია მენაღარიშვილი ; თარგმანი: გიორგი კუკულავა, ნინო ბაქაქური].
264 _aთბილისი :
_b საია,
_c2001.
300 _a264 გვ. ;
_b20 სმ.
490 _aახალგაზრდა იურისტის ბიბლიოთეკა ;
_v1
653 _aსასამართლო წყობილება
653 _aმოსამართლეთა სტატუსი ევროპაში
653 _aადამიანის უფლებათა ევროპის სასამართლოს ნორმები
700 _aსესიაშვილი, ირაკლი
_eრედაქტორი
_917174
942 _2udc
_cBK